000 00300nam a2200133Ia 4500
999 _c3272
_d3272
003 OSt
008 201121b ||||| |||| 00| 0 eng d
100 _aVANVALKENBURG, ME.
245 _aNetwork Analysis
250 _a 3RD.
260 _aNew Delhi
_bPHI
_c1994
300 _a483.
942 _2ddc
_cBK
_05